Remote sensing by Fourier transform spectrometry / (Record no. 34760)

MARC details
000 -LEADER
fixed length control field 01377cam a2200325 a 4500
001 - CONTROL NUMBER
control field 2961299
003 - CONTROL NUMBER IDENTIFIER
control field OSt
005 - DATE AND TIME OF LATEST TRANSACTION
control field 20220414110812.0
008 - FIXED-LENGTH DATA ELEMENTS--GENERAL INFORMATION
fixed length control field 910823s1992 nyua b 001 0 eng
010 ## - LIBRARY OF CONGRESS CONTROL NUMBER
LC control number 91033607
020 ## - INTERNATIONAL STANDARD BOOK NUMBER
International Standard Book Number 0471553468 (acidfree paper)
040 ## - CATALOGING SOURCE
Original cataloging agency DLC
Transcribing agency HU
Modifying agency DLC
050 00 - LIBRARY OF CONGRESS CALL NUMBER
Classification number QD96.F68
Item number B43 1992
082 00 - DEWEY DECIMAL CLASSIFICATION NUMBER
Classification number 621.36/78
Edition number 20
100 1# - MAIN ENTRY--PERSONAL NAME
Personal name Beer, Reinhard,
Dates associated with a name 1935-
9 (RLIN) 35859
245 10 - TITLE STATEMENT
Title Remote sensing by Fourier transform spectrometry /
Statement of responsibility, etc. Reinhard Beer.
260 ## - PUBLICATION, DISTRIBUTION, ETC.
Place of publication, distribution, etc. New York, N.Y. :
Name of publisher, distributor, etc. Wiley,
Date of publication, distribution, etc. c1992.
300 ## - PHYSICAL DESCRIPTION
Extent xvii, 153 p. :
Other physical details ill. ;
Dimensions 24 cm.
440 #0 - SERIES STATEMENT/ADDED ENTRY--TITLE
Title Chemical analysis,
International Standard Serial Number 0069-2883 ;
Volume/sequential designation v. 120
9 (RLIN) 35860
500 ## - GENERAL NOTE
General note "A Wiley-Interscience publication."
504 ## - BIBLIOGRAPHY, ETC. NOTE
Bibliography, etc. note Includes bibliographical references (p. 145-147) and index.
650 #0 - SUBJECT ADDED ENTRY--TOPICAL TERM
Topical term or geographic name entry element Fourier transform spectroscopy.
9 (RLIN) 35861
650 #0 - SUBJECT ADDED ENTRY--TOPICAL TERM
Topical term or geographic name entry element Remote sensing.
9 (RLIN) 5176
856 42 - ELECTRONIC LOCATION AND ACCESS
Materials specified Contributor biographical information
Uniform Resource Identifier <a href="http://www.loc.gov/catdir/bios/wiley042/91033607.html">http://www.loc.gov/catdir/bios/wiley042/91033607.html</a>
856 42 - ELECTRONIC LOCATION AND ACCESS
Materials specified Publisher description
Uniform Resource Identifier <a href="http://www.loc.gov/catdir/description/wiley033/91033607.html">http://www.loc.gov/catdir/description/wiley033/91033607.html</a>
856 4# - ELECTRONIC LOCATION AND ACCESS
Materials specified Table of Contents
Uniform Resource Identifier <a href="http://www.loc.gov/catdir/toc/onix04/91033607.html">http://www.loc.gov/catdir/toc/onix04/91033607.html</a>
906 ## - LOCAL DATA ELEMENT F, LDF (RLIN)
a 7
b cbc
c orignew
d 1
e ocip
f 19
g y-gencatlg
942 ## - ADDED ENTRY ELEMENTS (KOHA)
Source of classification or shelving scheme Dewey Decimal Classification
Koha item type Books like text book referance book
Suppress in OPAC No
Holdings
Withdrawn status Lost status Source of classification or shelving scheme Damaged status Not for loan Collection code Home library Current library Shelving location Date acquired Total Checkouts Full call number Barcode Date last seen Copy number Price effective from Koha item type
    Dewey Decimal Classification     Reference Wondo Genet Library Wondo Genet Library General Stacks 04/14/2022   621.36`78 BEE 1992 WGCFNRL00019018 04/14/2022 1 04/14/2022 Books like text book referance book